[Event "ISR-chT 2018"]
[Site "Israel"]
[Date "2018.01.19"]
[Round "3"]
[White "Zilberman, Yaacov"]
[Black "Oratovsky, Michael"]
[Result "1/2-1/2"]
[WhiteElo "2367"]
[BlackElo "2445"]
[Annotator "TA"]
[PlyCount "66"]
[EventDate "2018.??.??"]
[EventType "team-tourn"]
[EventCountry "ISR"]
[SourceTitle "playchess.com"]
[Source "ChessBase"]
[SourceQuality "1"]

{[%evp 21,66,42,30,-25,-28,-27,-35,-42,-21,-38,29,42,40,45,51,0,0,-139,-131,-153,-167,-167,-161,-156,-139,-247,-179,-218,-192,-271,-21,-154,-160,-285,0,-109,0,0,0,0,8,14,83,83,115,0,0]} 1. d4 d6 2. Nf3 g6 3. c4 Bg7 4. e4 Nd7 5. Nc3 e5 6. Be2 Ngf6 7. O-O O-O 8. Qc2 c6 9. Rd1 Qe7 10. Bg5 {E94: King's Indian: Classical: 6 Be2 e5 7 0-0: Various Black 7th moves} (10. d5 c5 11. a3 Kh8 12. b4 Ng8 13. Bg5 f6 14. Bh4 a6 15. Rab1 Qe8 16. Na4 b6 17. bxc5 bxc5 18. Qc3 h6 19. Nb6 Nxb6 20. Rxb6 {0-1 (40) Fodor,T (2496)-Jones,G (2654) London 2017}) 10... h6 11. Bh4 g5 {LiveBook: 8 Games} 12. dxe5 (12. Bg3 $142) 12... dxe5 $11 13. Bg3 Nh5 14. Nd2 Nf4 15. Nf1 f5 $146 (15... Nc5 $15) ({Find the theoretical novelty and annotate with similar games:} 15... Nc5 16. Ne3 Qc7 17. Bf3 a5 {½-½ (55) Aleksandrov,A (2510)-Shulman,Y (2490) Nikolaev 1995}) 16. exf5 Nc5 17. Ne3 e4 18. Rd2 (18. Bg4 $14) 18... Bxf5 19. Rad1 (19. Nxf5 $11 {remains equal.} Rxf5 20. Re1) 19... Bg6 $17 20. h3 Ncd3 21. a3 a5 22. Bf1 Rae8 23. Qb1 (23. Qb3 $17) 23... Rf7 24. Qc2 Ref8 25. Qa4 (25. Qb3 $142) 25... Qc5 $2 (25... Nh5 $19 26. Bh2 Rxf2 27. Rxf2 Rxf2 28. Bxd3 Rxb2) 26. Qc2 (26. Nxe4 $1 $11 {was the only way to keep the balance.} Bxe4 27. Bxd3 Nxd3 28. Rxd3 Bxd3 29. Rxd3) 26... Bd4 27. Ng4 {[#]} (27. Nxe4 $17 Bxe4 28. Bxd3 Nxd3 29. Rxd3) 27... Bg7 $2 ({Black should play} 27... Nxf2 $1 $19 {[%mdl 512]} 28. Bxf2 (28. Rxf2 $2 e3 $19) 28... Bxf2+ 29. Rxf2 e3) 28. Bxf4 (28. Ne3 $1 $11 {keeps the balance.}) 28... Nxf4 ({Better is} 28... Rxf4 $17 29. Nxe4 Nxf2 30. Nxc5 Bxc2 31. Nxf2 Bxd1) 29. Nxe4 $11 Qe7 30. f3 c5 31. Re1 Kh8 {[#]} (31... Qc7 $11) 32. Qd1 $1 $16 {And now Nd6 would win.} Qc7 {[#]} 33. b3 (33. Nc3 $1 $16) 33... Re7 {Precision: White = 25%, Black = 54%.} 1/2-1/2

[Event "ISR-chT 2018"]
[Site "Israel"]
[Date "2018.01.19"]
[Round "3"]
[White "Bitensky, Igor"]
[Black "Kaplivatski, Alexander"]
[Result "1-0"]
[WhiteElo "2355"]
[BlackElo "2217"]
[Annotator "NA"]
[PlyCount "78"]
[EventDate "2018.??.??"]
[EventType "team-tourn"]
[EventCountry "ISR"]
[SourceTitle "playchess.com"]
[Source "ChessBase"]
[SourceQuality "1"]
[TimeControl "40/5400+30:1800+30"]

1. d4 {[%emt 0:00:00]} Nf6 {[%emt 0:00:15]} 2. Nf3 {[%emt 0:00:11]} e6 {[%emt 0:00:31]} 3. Bf4 {[%emt 0:00:04]} c5 {[%emt 0:00:45]} 4. e3 {[%emt 0:00:45]} Qb6 {[%emt 0:01:05]} 5. Qc1 {[%emt 0:02:58]} Nc6 {[%emt 0:01:22]} 6. c3 {[%emt 0:00:20]} d5 {[%emt 0:01:18]} 7. Nbd2 {[%emt 0:04:08]} Nh5 {[%emt 0:10:05]} 8. Bg3 {[%emt 0:07:42]} Nxg3 {[%emt 0:07:40]} 9. hxg3 {[%emt 0:00:11]} Bd6 {[%emt 0:00:10]} 10. Qc2 {[%emt 0:04:16]} h6 {[%emt 0:05:31]} 11. a4 {[%emt 0:28:02]} cxd4 {[%emt 0:05:55]} 12. exd4 {[%emt 0:00:32]} Bd7 {[%emt 0:02:28]} 13. Bd3 {[%emt 0:02:34]} Rc8 {[%emt 0:07:52]} 14. Qb3 $15 {[%emt 0:00:26]} Qxb3 {[%emt 0:02:22]} 15. Nxb3 {[%emt 0:00:02]} O-O {[%emt 0:00:23]} 16. O-O {[%emt 0:05:06]} f6 {[%emt 0:07:46]} 17. Rfe1 {[%emt 0:02:09]} g5 {[%emt 0:11:21]} 18. Bb5 {[%emt 0:09:48]} Kg7 {[%emt 0:03:39]} 19. Nc5 {[%emt 0:09:33]} Bxc5 {[%emt 0:00:31]} 20. dxc5 {[%emt 0:00:02]} a6 {[%emt 0:06:08]} 21. Bf1 {[%emt 0:00:26]} e5 {[%emt 0:03:25]} 22. b4 {[%emt 0:01:26]} Ne7 {[%emt 0:01:54]} 23. Nd4 {[%emt 0:06:51]} Kf7 {[%emt 0:04:28]} 24. Nb3 {[%emt 0:00:11]} Be6 {[%emt 0:00:20]} 25. f4 {[%emt 0:05:17]} Ng6 {[%emt 0:05:19]} 26. fxe5 {[%emt 0:00:03]} fxe5 {[%emt 0:00:54]} 27. Be2 {[%emt 0:02:51]} g4 {[%emt 0:06:49]} 28. Na5 {[%emt 0:01:06]} Rc7 {[%emt 0:00:29]} 29. c4 {[%emt 0:00:10]} dxc4 {[%emt 0:03:18]} 30. Bxc4 {[%emt 0:00:19]} Rd8 {[%emt 0:00:45]} 31. Rad1 {[%emt 0:01:42]} Rcd7 {[%emt 0:00:32]} 32. Rxd7+ {[%emt 0:01:26]} Rxd7 {[%emt 0:00:02]} 33. b5 {[%emt 0:01:06]} axb5 {[%emt 0:00:31]} 34. axb5 {[%emt 0:00:05]} Rc7 {[%emt 0:00:57]} 35. c6 {[%emt 0:01:46]} bxc6 {[%emt 0:00:35]} 36. b6 {[%emt 0:00:02]} Re7 {[%emt 0:00:33]} 37. b7 {[%emt 0:01:10]} Re8 {[%emt 0:00:30]} 38. Bxe6+ {[%emt 0:01:06]} Kxe6 {[%emt 0:00:03]} 39. Nxc6 {[%emt 0:00:06]} Kd5 1-0

[Event "ISR-chT 2018"]
[Site "Israel"]
[Date "2018.01.19"]
[Round "3"]
[White "Deutsch, Eyal"]
[Black "Kaplan, Sasha"]
[Result "1/2-1/2"]
[WhiteElo "2350"]
[BlackElo "2396"]
[Annotator "NA"]
[PlyCount "68"]
[EventDate "2018.??.??"]
[EventType "team-tourn"]
[EventCountry "ISR"]
[SourceTitle "playchess.com"]
[Source "ChessBase"]
[SourceQuality "1"]
[TimeControl "40/5400+30:1800+30"]

{[%evp 17,63,6,9,0,35,33,37,27,32767,32767,32767,32767,20,0,0,10,26,15,32,25,37,24,32767,29,32767,24,47,32767,28,23,32767,31,42,32767,32767,24,29,23,32767,32767,32767,32767,32767,32767,32767,32767,32767,0]} 1. d4 d5 2. Bf4 Nf6 3. e3 Bf5 4. c4 c6 5. Qb3 {D10: Slav Defence: 3 cxd5 (without early Nf3) and 3 Nc3} (5. Nc3 e6 6. Qb3 Qc8 7. Nf3 Nbd7 8. h3 Be7 9. Be2 O-O 10. O-O Nb6 11. c5 Nbd7 12. Qd1 Ne4 13. Rc1 Re8 14. Nxe4 Bxe4 15. Nd2 Bg6 16. Bh2 a5 17. Nb1 Bd8 18. Nc3 e5 19. Re1 Bc7 {½-½ (60) Grischuk,A (2810)-Wang,H (2710) Beijing 2014}) 5... Qb6 6. Nc3 dxc4 7. Bxc4 e6 8. Nf3 h6 9. h3 Nbd7 10. O-O Be7 11. Rfe1 Qxb3 12. Bxb3 Ne4 13. Nxe4 Bxe4 14. Nd2 $146 Bd3 15. Nc4 Bxc4 16. Bxc4 O-O 17. Rac1 Rfd8 18. Bc7 Re8 19. Ba5 Rac8 20. Red1 Nb6 21. Be2 Red8 22. Bf3 Kf8 23. Kf1 Bd6 24. Ke2 Ke7 25. Rc2 Bc7 26. g3 Nd5 27. Be1 Bd6 28. a3 Bc7 29. Rd3 Bd6 30. Rb3 Rd7 31. a4 f5 32. a5 $11 a6 33. Bd2 Rcc7 34. Be1 Rd8 1/2-1/2

[Event "ISR-chT 2018"]
[Site "Israel"]
[Date "2018.01.19"]
[Round "3"]
[White "Gurbanov, Andrei"]
[Black "Manor, Ilan"]
[Result "0-1"]
[WhiteElo "2339"]
[BlackElo "2453"]
[Annotator "TA"]
[PlyCount "90"]
[EventDate "2018.??.??"]
[EventType "team-tourn"]
[EventCountry "ISR"]
[SourceTitle "playchess.com"]
[Source "ChessBase"]
[SourceQuality "1"]

{[%evp 14,90,22,-17,-25,-19,12,12,18,14,20,13,33,-96,-72,-106,-93,-122,-20,-22,89,82,67,70,88,-39,25,-3,0,0,0,-2,0,0,4,-54,-36,-53,-56,-45,-32,-72,-75,-124,-119,-112,-91,-114,-112,-110,-116,-110,-115,-279,-245,-391,-334,-370,-372,-439,-418,-627,-662,-658,-663,-705,-566,-592,-555,-836,-808,-796,-797,-1387,-1366,-1758,-1612,-29990,-29991]} 1. d4 Nf6 2. c4 e6 3. g3 d5 4. Bg2 dxc4 5. Nf3 Nc6 6. O-O Rb8 7. a4 a6 8. Na3 {LiveBook: 5 Games. E04: Open Catalan: 5 Nf3} (8. Nc3 Be7 9. e4 b5 10. axb5 axb5 11. Bf4 O-O 12. Re1 Nb4 13. Bf1 Nh5 14. Be3 Nf6 15. Bf4 Nh5 16. Be3 Nf6 17. b3 Bb7 18. Bf4 Nh5 19. Be3 Nf6 20. Bf4 Nh5 21. Be3 Nf6 {½-½ (21) Short,N (2680)-Kosic,D (2504) Warsaw 2013}) 8... Na5 9. Bg5 Be7 (9... h6 $5 {[%cal Rh6g5]} 10. Bd2 Nb3 $11) 10. Qc2 {The position is equal.} b5 11. axb5 axb5 12. Ne5 {[%cal Ra3c4]} Bd7 $146 ({Predecessor:} 12... Bb7 13. Nxb5 Bxg2 14. Rxa5 c6 15. Ra7 {½-½ (48) Straub,N (2300)-Kniest,O (2294) Germany 2005}) 13. Rad1 (13. Bd2 $14 Nb3 14. Nc6 Nxa1 15. Rxa1 Bxc6 16. Bxc6+ Kf8 17. Nxb5) 13... O-O 14. e4 {[%cal Be2e4,Be4e5][%mdl 32]} Be8 15. d5 Qd6 ({Black should play} 15... Qc8 $17 16. Rfe1 Nxd5 17. exd5 Bxg5) 16. Nf3 $1 $11 Qb6 (16... Qa6 $11) 17. e5 $1 $16 {[%cal Re5f6]} Nxd5 {[#]} 18. Rxd5 $1 {[%mdl 512]} Bxa3 $1 {[#]} (18... exd5 19. Bxe7) 19. Rd4 (19. Rdd1 $1 $16) 19... Bc5 (19... f6 $15 20. exf6 Bg6) 20. Rh4 {[%csl Gh4][%cal Rc2h7]} f5 $1 21. exf6 $1 Bg6 22. Qc3 {Ne5 is the strong threat.} gxf6 23. Bxf6 Nc6 $1 $132 {[%mdl 2048] Black puts up resistance} 24. Bg5 ({White should try} 24. Rf4 $11) 24... Rbe8 25. Bh6 {[%csl Gh6][%cal Rc3g7]} Rf7 $1 26. Rg4 {Black must now prevent h4.} e5 27. Kh1 Nd4 {Hoping for ...Qe6.} ({Worse is} 27... Bxf2 28. Nh4 $16 (28. Qc2 e4 $15)) 28. Ng5 {[#] aiming for Bd5.} Rd7 $1 29. Ne4 Bf8 30. Qe3 Kh8 31. Bxf8 Rxf8 32. Ng5 Re7 33. f4 $2 {[#]} (33. Ne4 $17) 33... e4 $1 {[%cal Be5e4,Be4e3][%mdl 544]} 34. Qc3 (34. f5 {was necessary.} Nxf5 35. Qc3+ Qf6 36. Rgf4) (34. Bxe4 Bf5) 34... c5 35. Re1 Rfe8 36. Rh4 e3 37. Rh6 (37. f5 $142 Bxf5 38. Rf4) 37... Kg7 $19 38. Rh4 Qf6 39. Qc1 Qf5 40. Nf3 Qc2 41. Qa1 Be4 42. Rg4+ Kh8 43. Qa6 Bc6 44. Nh4 Qf2 {[%cal Rf2e1]} 45. Rg1 e2 {Precision: White = 27%, Black = 72%.} 0-1

[Event "ISR-chT 2018"]
[Site "Israel"]
[Date "2018.01.19"]
[Round "3"]
[White "Aharon, Ofir"]
[Black "Mesropov, Konstantin"]
[Result "1/2-1/2"]
[WhiteElo "2288"]
[BlackElo "2427"]
[Annotator "TA"]
[PlyCount "31"]
[EventDate "2018.??.??"]
[EventType "team-tourn"]
[EventCountry "ISR"]
[SourceTitle "playchess.com"]
[Source "ChessBase"]
[SourceQuality "1"]

{[%evp 15,31,13,14,10,13,12,16,14,12,8,10,4,6,0,5,0,0,-451]} 1. e4 e6 2. d4 d5 3. Nd2 Nc6 4. Ngf3 Nf6 5. e5 Nd7 6. Nb3 a5 7. a4 Be7 8. Bb5 Na7 {The position is equal.} 9. Be2 {C04: French Tarrasch: 3...Nc6} b6 10. O-O c5 11. c3 (11. Bf4 Bb7 12. Qd2 h6 13. c3 Qc8 14. dxc5 Nxc5 15. Nbd4 Ba6 16. Qe3 Bxe2 17. Nxe2 {0-1 (49) Korneev,O (2580)-Bortnyk,O (2567) Tashkent 2017}) 11... O-O 12. Re1 Nc6 13. Bb5 Na7 $146 ({Predecessor:} 13... Ndb8 14. Be3 c4 15. Bxc6 Nxc6 16. Nbd2 Bd7 {1-0 (33) Weishaeutel,M (1879)-Du Maire,J (2169) Deutschland 2017}) 14. Be2 Nc6 15. Bb5 Na7 16. Ba6 $2 {[%mdl 40960] An unexpected result.} (16. Bf1 $11 {and White has nothing to worry.}) 1/2-1/2

[Event "ISR-chT 2018"]
[Site "Israel"]
[Date "2018.01.19"]
[Round "3"]
[White "Aharonovich, Itamar"]
[Black "Mikhalevski, Victor"]
[Result "1/2-1/2"]
[WhiteElo "2276"]
[BlackElo "2538"]
[Annotator "TA"]
[PlyCount "252"]
[EventDate "2018.??.??"]
[EventType "team-tourn"]
[EventCountry "ISR"]
[SourceTitle "playchess.com"]
[Source "ChessBase"]
[SourceQuality "1"]

{[%evp 21,252,56,48,23,83,19,24,3,3,10,2,12,3,0,4,0,0,0,11,8,13,0,15,23,31,0,35,35,40,0,23,0,47,0,40,-9,21,9,38,8,27,-8,-8,-55,-24,-30,-8,-10,-10,-10,-16,-55,-51,-66,-26,-15,0,0,0,0,0,-11,-11,-8,0,0,0,-6,-7,-46,-7,-46,-8,-46,0,0,0,0,0,0,0,0,0,0,0,0,0,0,0,-66,2,0,2,3,5,0,0,0,0,0,0,-22,-18,-18,0,0,0,0,0,0,0,0,0,0,0,0,0,0,0,0,0,0,0,0,0,0,0,0,0,0,0,0,0,0,0,0,34,12,12,12,12,25,17,12,38,23,58,64,58,70,70,58,93,9,10,10,9,7,4,3,26,18,27,22,35,-57,-57,-57,-52,-57,-57,-57,0,0,0,0,0,0,0,0,0,0,0,0,0,0,0,0,0,0,0,0,0,0,0,0,0,0,0,0,0,0,0,0,0,0,0,0,0,0,0,0,0,0,0,0,0,0,0,0,0,0,0,0,0,0,9,0,2,2,9,0,0]} 1. d4 Nf6 2. c4 g6 3. Nc3 Bg7 4. e4 d6 5. Nf3 O-O 6. Be2 Nbd7 7. O-O e5 8. Be3 Ng4 9. Bg5 f6 10. Bc1 c6 11. h3 {E94: King's Indian: Classical: 6 Be2 e5 7 0-0: Various Black 7th moves} (11. Qc2 Qe7 12. Rd1 exd4 13. Nxd4 f5 14. g3 Nc5 15. exf5 gxf5 16. h3 Nxf2 17. Kxf2 f4 18. Bxf4 Rxf4+ 19. gxf4 {0-1 (31) Raghunandan,K (2410)-Amonatov,F (2632) Mumbai 2017}) 11... Nh6 $1 {LiveBook: 9 Games} 12. Re1 f5 (12... exd4 $11 13. Nxd4 Nc5) 13. dxe5 (13. Bg5 $16 Qb6 14. c5 dxc5 15. dxe5) 13... Nxe5 $146 ({Predecessor:} 13... dxe5 14. b3 Nf7 15. a4 a5 16. Ba3 Re8 17. b4 Qf6 18. Qb3 Bf8 19. bxa5 {½-½ (40) Michaelsen,N (2360)-Stangl,M (2375) Germany 1989}) 14. Nxe5 dxe5 15. exf5 gxf5 16. Qxd8 Rxd8 17. Bg5 Re8 18. Rad1 Nf7 {[%cal Bh6f7,Bf7h8,Bh8g6,Bg6f4][%mdl 32]} 19. Be3 Be6 20. f3 Nh8 21. Na4 Ng6 22. Nc5 Bc8 $1 23. b3 Kf7 24. Nd3 Bf6 25. Nf2 Nf4 26. Nd3 Ng6 27. Nf2 h5 28. Bf1 h4 29. Nd3 {[%cal Bf2d3,Bd3b2,Bb2c4][%mdl 32]} Bd8 30. Kh1 Bc7 31. c5 Be6 32. Nb2 Rad8 33. Nc4 Rxd1 34. Rxd1 Kf6 35. Kg1 Rg8 36. Bc1 Nf4 37. Kh1 Bxc4 (37... Bd5 {seems wilder.} 38. Bxf4 exf4 39. Nb2 Rd8 40. Nd3 Be6) 38. Bxc4 Rg7 39. Bxf4 exf4 {[%mdl 4096] Endgame KRB-KRB} 40. Kg1 Re7 41. Kf2 Ba5 42. Rd6+ Kg5 43. Re6 Rc7 44. Ke2 Bb4 45. Bd3 Rf7 46. Bc4 Rg7 47. Bd3 Bc3 48. Re8 Kf6 49. Kf1 Rd7 50. Ke2 Kf7 51. Rb8 Re7+ 52. Kd1 Ke6 53. Kc2 Bb4 54. Rf8 Rg7 55. Rg8 (55. Bxf5+ $11 Ke7 56. Rb8) 55... Re7 (55... Rxg8 $15 56. Bc4+ Ke5 57. Bxg8 Bxc5) 56. Rf8 Bxc5 57. Rxf5 Be3 58. Rf8 Kd6 59. Rh8 Rg7 60. Bf1 Rg5 61. Rd8+ Kc7 62. Rh8 Rd5 63. Rh7+ Kb6 64. Bd3 Bf2 65. Rf7 Be3 66. Rh7 Rg5 67. Bf1 Bf2 68. Rf7 Bg3 69. Re7 a5 70. a4 Bf2 71. Rf7 Be3 72. Rh7 Bf2 73. Rf7 Bg3 74. Re7 Ka7 75. Bd3 Bh2 76. Bf1 Kb8 77. Rh7 Rc5+ 78. Kd2 Bg1 79. Rh8+ Ka7 80. Rxh4 Be3+ 81. Kd3 Rc1 $1 {[%cal Rc1f1]} 82. Be2 Rb1 83. Kc2 Ra1 84. Bc4 Ra2+ 85. Kd3 {And now g4 would win.} Rxg2 86. Rh7 Rg5 87. h4 (87. Ke4 $16) 87... Re5 $1 88. h5 Bc5 89. Kd2 Bb4+ 90. Kd1 Re3 91. Rf7 Rxf3 92. h6 Rh3 93. Rxf4 (93. h7 $14) 93... Rxh6 $15 94. Rf7 Rh2 95. Rd7 Kb6 96. Be2 Kc5 (96... Rh3 $15 97. Bc4 Rf3) 97. Rxb7 $11 {The position is equal.} Kd4 98. Rd7+ Kc3 {[#] Threatens to win with ...Rh1+.} 99. Bc4 $1 Kb2 100. Rd3 Bc3 101. Rd7 c5 102. Rd3 Rg2 103. Rd7 Rf2 104. Rd5 Bd4 105. Rh5 Bc3 {[#] Strongly threatening ...Rd2+.} 106. Rd5 Bd4 107. Rh5 Rf3 108. Rh2+ Kc3 109. Rh6 Re3 110. Rh2 Rf3 111. Ke2 Rg3 112. Rh7 Kc2 113. Rb7 Re3+ 114. Kf1 Kd2 {( -> ...Rg3)} (114... Rg3 {keeps more tension.} 115. Ke2) 115. Kg2 Be5 116. Rf7 Rg3+ 117. Kf2 Rh3 118. Kg2 Rg3+ 119. Kf2 Rg4 120. Kf3 Rh4 121. Re7 Rf4+ 122. Kg2 $1 Re4 123. Rd7+ Kc3 124. Rb7 Rg4+ 125. Kf3 Rf4+ 126. Ke2 Re4+ {Precision: White = 57%, Black = 51%.} 1/2-1/2

[Event "ISR-chT 2018"]
[Site "Israel"]
[Date "2018.01.19"]
[Round "3"]
[White "Poleg, Dan"]
[Black "Huzman, Alexander"]
[Result "0-1"]
[WhiteElo "2255"]
[BlackElo "2561"]
[Annotator "TA"]
[PlyCount "74"]
[EventDate "2018.??.??"]
[EventType "team-tourn"]
[EventCountry "ISR"]
[SourceTitle "playchess.com"]
[Source "ChessBase"]
[SourceQuality "1"]

{[%evp 15,74,10,32,4,2,4,4,0,12,-47,-49,-120,-114,-162,-143,-151,-149,-222,-212,-219,-206,-207,-186,-199,-122,-135,-146,-121,-90,-201,-180,-179,-189,-198,-168,-168,-175,-237,-233,-233,-209,-227,-218,-302,-304,-293,-275,-372,-361,-401,-384,-472,-381,-348,-353,-402,-398,-493,-491,-611,-595]} 1. d4 Nf6 2. c4 e6 3. Nf3 d5 4. Nc3 c6 5. Bg5 h6 6. Bxf6 Qxf6 7. e3 g6 8. Bd3 {D43: Semi-Slav: 5 Bg5 h6} Bg7 {LiveBook: 159 Games} 9. b4 $146 ({Predecessor:} 9. O-O O-O 10. e4 dxc4 11. Bxc4 Rd8 12. Qe2 b5 13. Bd3 e5 14. d5 Bg4 15. h3 Bxf3 16. Qxf3 Qxf3 17. gxf3 {½-½ (28) Yu,Y (2721)-Ding,L (2764) Shenzhen 2016}) 9... Qe7 10. Qb3 {The position is equal.} dxc4 11. Bxc4 Nd7 12. e4 ({White should try} 12. a4 $11) 12... a5 {[%cal Ba7a5,Ba5b4][%mdl 32]} 13. e5 ({White should play} 13. bxa5 $15 Rxa5 14. O-O) 13... Qxb4 $17 14. Qxb4 axb4 15. Ne4 Ke7 16. Ke2 (16. O-O $17) 16... b6 $19 17. Nfd2 c5 18. f4 Bb7 19. Bb5 Ra5 ({Better is} 19... g5 $19 20. Bxd7 Kxd7) 20. Bxd7 $17 Kxd7 21. dxc5 g5 22. g3 {[#]} (22. cxb6 $17 gxf4 23. Rac1 Ba6+ 24. Kf3 Bxe5 25. Rc5 Ra3+ 26. Nb3) 22... Bxe4 $1 $19 ({Weaker is} 22... bxc5 23. Nb3 $15) 23. Nxe4 bxc5 24. Rhc1 Rc8 25. Rc2 gxf4 26. gxf4 {[#]} (26. Rd1+ $142 Kc6 27. Rd6+ Kc7 28. gxf4) 26... Bf8 $1 27. Nd2 Kc6 28. Nc4 Ra7 29. Rb1 {If White can now play Rxb4 this consolidates a bit.} Rca8 30. Rbb2 Be7 31. Ke3 Kb5 32. Nd2 Ra3+ 33. Ke2 Rd8 34. Rb3 {White hopes to continue with Rxa3.} Ra7 35. Ke3 f6 {[%cal Bf7f6,Bf6e5][%mdl 32]} 36. Nc4 Rd4 37. Nd2 fxe5 {Precision: White = 32%, Black = 90%.} 0-1

[Event "ISR-chT 2018"]
[Site "Israel"]
[Date "2018.01.19"]
[Round "3"]
[White "Gokhvat, Peter"]
[Black "Kovalenko, Igor"]
[Result "0-1"]
[WhiteElo "2251"]
[BlackElo "2635"]
[Annotator "TA"]
[PlyCount "86"]
[EventDate "2018.??.??"]
[EventType "team-tourn"]
[EventCountry "ISR"]
[SourceTitle "playchess.com"]
[Source "ChessBase"]
[SourceQuality "1"]

{[%evp 9,86,-58,6,0,0,5,14,-8,5,2,6,0,0,-16,0,-34,-28,-29,-27,-56,-66,-69,-74,-80,-54,-58,-48,-93,-80,-102,-94,-116,-111,-120,-116,-122,-111,-139,-131,-144,-116,-172,-122,-137,-74,-74,-74,-77,-72,-109,-102,-104,-84,-91,-84,-97,-105,-105,-101,-106,-93,-89,-86,-185,-204,-217,-254,-992,-975,-1116,-1061,-1037,-983,-29991,-29991,-29993,-29994,-29994,-29995]} 1. d4 Nf6 2. Nc3 d5 3. Bg5 Nbd7 4. e4 dxe4 5. f3 e3 (5... exf3 $15 6. Nxf3 h6) (5... exf3 6. Nxf3 e6 7. Qd2 c6 8. Bd3 Be7 9. O-O-O h6 10. Bh4 O-O 11. h3 a5 12. g4 Nd5 13. Bxe7 Qxe7 {0-1 (64) Botelho,F (2149)-Elci,P (2291) Rio de Janeiro 2015}) 6. Bc4 {D00: 1 d4 d5: Unusual lines} c6 7. Bxe3 Nb6 8. Bb3 $146 {The position is equal.} ({Predecessor:} 8. Bd3 g6 9. Qd2 Nbd5 10. Nxd5 Nxd5 11. O-O-O Nxe3 12. Qxe3 Bg7 13. Ne2 {1-0 (40) Kolakovic,K (1986)-Borrink,J (2118) Germany 2014}) 8... Bf5 9. Nge2 h5 10. Qd2 e6 11. O-O-O Be7 12. Ng3 Bg6 13. Nge4 Nfd5 14. Nxd5 cxd5 15. Nc5 Qc7 16. Qa5 Bd6 17. Qb5+ Kf8 {[%cal Be8f8,Bf8g8,Bg8g7][%mdl 32]} 18. f4 Rc8 ({And not} 18... Bxf4 {[#]} 19. Nxe6+ $1 {[%mdl 512]} fxe6 20. Rhf1 $14) 19. Rhf1 Bf5 20. Rf2 Kg8 21. h3 h4 22. c3 g6 23. a4 a6 24. Qe2 Rh5 25. Rg1 (25. Kd2 $17) 25... Kg7 26. Kd2 Nd7 (26... Bxc5 $142 27. dxc5 Nd7 28. Bd4+ Kf8) 27. Nxd7 $17 Qxd7 28. Ra1 b5 29. axb5 axb5 ({Of course not} 29... Qxb5 $6 30. Qxb5 axb5 31. Ra6 $15) 30. Ke1 Rhh8 31. Kf1 Rc7 32. Ra5 Rb8 33. Kg1 Be7 {[%cal Bd6e7,Be7d8,Bd8f6][%mdl 32]} 34. Rf1 Bd8 35. Rfa1 Bf6 36. Bf2 (36. Ra8 $17 Rxa8 37. Rxa8) 36... b4 $19 {[%cal Bb5b4,Bb4c3][%mdl 32]} 37. Bc2 bxc3 38. Bxf5 $2 (38. bxc3 Rxc3 39. Bxf5 exf5 40. Bxh4 Bxh4 41. Qe5+ Bf6 42. Qxb8 Bxd4+ 43. Kh2) 38... cxb2 {Strongly threatening ...Rc1+.} ({Weaker is} 38... gxf5 39. bxc3 Rxc3 40. Bxh4 $17) 39. Rb1 Rc1+ 40. Kh2 Qc7 41. Rxb2 Rxb2 {Black mates.} 42. Qxb2 Qxf4+ 43. g3 {[#]} Qf3 $1 {[%mdl 512] Precision: White = 33%, Black = 61%.} 0-1

[Event "ISR-chT 2018"]
[Site "Israel"]
[Date "2018.01.19"]
[Round "3"]
[White "Tratatovici, Dan"]
[Black "Postny, Evgeny"]
[Result "0-1"]
[WhiteElo "2208"]
[BlackElo "2574"]
[Annotator "TA"]
[PlyCount "44"]
[EventDate "2018.??.??"]
[EventType "team-tourn"]
[EventCountry "ISR"]
[SourceTitle "playchess.com"]
[Source "ChessBase"]
[SourceQuality "1"]

{[%evp 9,44,30,29,8,6,12,20,-6,-4,-4,-10,-14,0,-24,-22,-8,-11,-43,-48,-75,-65,-158,-159,-154,-167,-134,-141,-211,-215,-195,-145,-383,-376,-385,-377,-382,-384]} 1. d4 d5 2. c4 dxc4 3. e3 Nf6 4. Bxc4 e6 5. Nf3 a6 6. Bb3 {D26: Queen's Gambit Accepted: 4 e3 e6 5 Bxc5 c5 sidelines} (6. O-O c5 7. Qe2 cxd4 8. Rd1 Nc6 9. exd4 Be7 10. a3 O-O 11. Nc3 Nd5 12. Ba2 Re8 13. Qe4 Bf6 14. h4 Nce7 15. Ng5 Bxg5 16. Bxg5 Qd6 17. h5 h6 18. Bxe7 Nxe7 19. Bb1 f5 {1-0 (44) Bluebaum,M (2646)-Mareco,S (2650) Tbilisi 2017}) 6... b5 7. a4 b4 8. a5 {The position is equal.} Be7 9. O-O O-O 10. Qe2 Bb7 11. Rd1 $146 ({Predecessor:} 11. Nbd2 Nbd7 12. e4 c5 13. e5 Nd5 14. Ne4 cxd4 15. Rd1 Qc7 16. Neg5 h6 {0-1 (39) Karadag,C (2275)-Dao,T Novi Sad 1990}) 11... c5 {[%cal Bc7c5,Bc5d4,Bd4d3][%mdl 32]} 12. Nbd2 Qc7 13. e4 cxd4 $1 14. e5 Nfd7 15. Ne4 {[#]} (15. Nc4 $15) 15... Bxe4 $1 $17 ({But not} 15... Nxe5 16. Nxd4 Nbc6 17. Bf4 $15) 16. Qxe4 Nc5 $1 $36 {[%csl LRb3,LRe4][%mdl 2048] White is under strong pressure.} 17. Qc2 d3 18. Qc4 (18. Rxd3 $17 Nc6 19. Rd1) 18... Nc6 $19 19. Bg5 Rfc8 {White must now prevent ...Bf8.} 20. Ba4 $2 {[#]} (20. Bxe7 $17 {is a better defense.} Qxe7 21. Ba2) 20... Nxa4 {Black is winning.} 21. Rxa4 Bxg5 22. Nxg5 Qxe5 {Precision: White = 32%, Black = 93%.} 0-1